| 000 | 01427 a2200205 4500 | ||
|---|---|---|---|
| 003 | Nust | ||
| 005 | 20221117123336.0 | ||
| 010 | _a 86015912 | ||
| 020 | _a0471881953 | ||
| 040 | _cNust | ||
| 082 | 0 | 0 | _a621.38,ROS |
| 100 | 1 |
_aRosen, Stanley L. _9102838 |
|
| 245 | 1 | 0 |
_aElectricity and electronics for the microcomputer age / _cStanley L. Rosen. |
| 260 |
_aNew York : _bWiley, _cc1987. |
||
| 300 |
_axviii, 588 p. : _bill. ; _c29 cm. |
||
| 505 | _aElectricity and the Atom (Page-1), The Electric Field and Electric Current (Page-20), Current Potential Difference and Cells (Page-42), Sources in Series Parallel and Series Parallel (Page-78), Resistance OHM’s Law and Wire (Page-102), Power Resistances in Series Parallel and Series Parallel (Page-124), Circuit Analysis and Practical Resistors (Page-158), Network Theorems and Practical Resistor Circuits (Page-198), Magnetism and Electromagnetic Components (Page-228), Waveforms and The Oscilloscope (Page-260), AC Measurements and Waveform Generation (Page-298), Induction and Practical Inductors (Page-332), Inductive Circuits and Transforms (Page-362), Capacitance in DC Circuits and Capacitors (Page-400), Capacitance in AC Circuits Electrolytic and Variable Capacitors (Page-436), Power in RC and RL Circuits Practical RC Circuits (Page-472), RCL and Tuned Circuits (Page-504). | ||
| 650 | 0 | _aElectrical engineering. | |
| 650 | 0 | _aElectronics. | |
| 942 |
_2ddc _cBK |
||
| 999 |
_c181127 _d181127 |
||